1733 1189 1663 1859 1895 1168 1588 1237 1435 1262 1690 1912 1122 1726 1333 1406 1381 1172 1333 1376 1189 1789 1991 1506 1237 1180 1219 1435 1008 1372 1805 1406 1372 1229 1611 1933 1150 1578 1747 1567 1852 1913 1839 1412 1507 1188 1562 1498 1174 1639 1333 1585 1292 1625 1246 1024 1939 1168 1283 1625 1365 1102 1409 1861 1328 1368 1070 1144 1115 1402 1961 1458 1363 1678 1207 1438 1116 1499 1140 1108 1858 1129 1430 1290 1042 1906 1119 1904 1992 1129 1884 1771 1107 1526 1629 1717 1111 1414 1119 BCNSPRNW ULIB Ver.6.0+V

เปลี่ยนเป็นภาษาไทย

Change to English
 แสดงรายละเอียดบรรณานุกรม
  กลับหน้าหลัก

Brief Record : Get Marc (ISO 2709) : E-mail record : QR code < ปิดหน้าต่าง
LEADER : 00000nam 2200000uu 4500
001    13399123161
003     ULIB
008    111208s2551||||th 000 0 tha d
020    ^a9789744467157
090    นว.^bภ653ส
100    ^aภูเตศวร
245    ^aสัญญาจากลาซา/^cรัศมีจันทร์
250    ^aพิมพ์ครั้งที่ 7
260    ^aกรุงเทพฯ :^bณ บ้านวรรณกรรม,^c2551
300    ^a388หน้า
710 1  ^aณ บ้านวรรณกรรม
945    ^p300^l0^i034419
995    ^aทศพร
999 ^a ทศพร
รายการนี้ยังไม่มีแท็ก
คุณยังไม่ได้ล็อกอิน คุณสามารถมีกิจกรรมร่วมกับเว็บไซต์ได้ แต่ต้องล็อกอินก่อน ::
  ล็อกอิน

รายการสื่อสารสนเทศ

ลำดับที่ ประเภท เลขเรียก/บาร์โค้ด สถานที่ สถานะ
1. นวนิยาย
นวนิยาย
นว. ภ653ส ฉ.1 
  Barcode: 034419
ห้องสมุดวิทยาเขตสวรรค์ประชารักษ์
►นวนิยาย
บนชั้น
  ขอยืม

BibComment


ยังไม่เคยถูกคอมเมนท์

คอมเมนท์ทรัพยากรรายการนี้
  คอมเมนท์: สัญญาจากลาซา รัศ..


 Copyright 2026. Bcnsprnw @Library